<?xml version="1.0" encoding="UTF-8"?>
<collection xmlns="http://www.loc.gov/MARC21/slim">
 <record>
  <leader>     na                 </leader>
  <controlfield tag="001">INLIS000000000000321</controlfield>
  <controlfield tag="005">20190508034313</controlfield>
  <datafield tag="035" ind1=" " ind2=" ">
   <subfield code="a">0010-0617000321</subfield>
  </datafield>
  <datafield tag="245" ind1=" " ind2=" ">
   <subfield code="a">Panduan Praktis Microsoft Office 2010 /</subfield>
   <subfield code="c">...</subfield>
  </datafield>
  <datafield tag="250" ind1=" " ind2=" ">
   <subfield code="a">Cet 1</subfield>
  </datafield>
  <datafield tag="260" ind1=" " ind2=" ">
   <subfield code="c">2010</subfield>
  </datafield>
  <datafield tag="300" ind1=" " ind2=" ">
   <subfield code="a">xiv+274 Hal</subfield>
  </datafield>
  <datafield tag="020" ind1=" " ind2=" ">
   <subfield code="a">978-979-29-1736-9</subfield>
  </datafield>
  <datafield tag="082" ind1=" " ind2=" ">
   <subfield code="a">005</subfield>
  </datafield>
  <controlfield tag="008">190508                           0 ind  </controlfield>
  <datafield tag="084" ind1=" " ind2=" ">
   <subfield code="a">005.13 PAN</subfield>
  </datafield>
  <datafield tag="990" ind1=" " ind2=" ">
   <subfield code="a">005.13.0002</subfield>
  </datafield>
  <datafield tag="990" ind1=" " ind2=" ">
   <subfield code="a">19505</subfield>
  </datafield>
 </record>
</collection>
